Les Pokémons des premiers - Statistiques

Statistiques générales
  • Ce quiz a été pris 31 fois
  • Le résultat moyen est 82 sur 168
Statistiques - réponses
Numéro Pokémon Type de quiz Génération % Correct
#0007 Carapuce Eau 1
100%
#0003 Florizarre Plante/Poison 1
100%
#0002 Herbizarre Plante/Poison 1
100%
#0005 Reptincel Feu 1
100%
#0011 Chrysacier Insecte 1
88%
#0013 Aspicot Insecte/Poison 1
84%
#0149 Dracolosse Dragon/Vol 1
84%
#0151 Mew Psy 1
84%
#0023 Abo Poison 1
80%
#0037 Goupix Feu (Glace) 1
80%
#0079 Ramoloss Eau/Psy (Psy) 1
80%
#0017 Roucoups Normal/Vol 1
80%
#0227 Airmure Acier/Vol 2
76%
#0139 Amonistar Roche/Eau 1
76%
#0043 Mystherbe Plante/Poison 1
76%
#0031 Nidoqueen Poison/Sol 1
76%
#0029 Nidoran♀ Poison 1
76%
#0019 Rattata Normal 1
76%
#0157 Typhlosion Feu (Feu/Spectre) 2
76%
#0059 Arcanin Feu (Feu/Roche) 1
72%
#0101 Électrode Électrik (Électrik/Plante) 1
72%
#0071 Empiflor Plante/Poison 1
72%
#0089 Grotadmorv Poison (Poison/Ténèbres) 1
72%
#0163 Hoothoot Normal/Vol 2
72%
#0131 Lokhlass Eau/Glace 1
72%
#0103 Noadkoko Plante/Psy (Plante/Dragon) 1
72%
#0041 Nosferapti Poison/Vol 1
72%
#0127 Scarabrute Insecte 1
72%
#0073 Tentacruel Eau/Poison 1
72%
#0107 Tygnon Combat 1
72%
#0257 Braségali Feu/Combat 3
68%
#0229 Démolosse Ténèbres/Feu 2
68%
#0067 Machopeur Combat 1
68%
#0173 Mélo Fée 2
68%
#0167 Mimigal Insecte/Poison 2
68%
#0211 Qwilfish Eau/Poison (Ténèbres/Poison) 2
68%
#0199 Roigada Eau/Psy (Poison/Psy) 2
68%
#0109 Smogo Poison 1
68%
#0251 Célébi Psy/Plante 2
64%
#0097 Hypnomade Psy 1
64%
#0053 Persian Normal (Ténèbres) 1
64%
#0181 Pharamp Électrik 2
64%
#0179 Wattouat Électrik 2
64%
#0083 Canarticho Normal/Vol (Combat) 1
60%
#0283 Arakdo Insecte/Eau 3
56%
#0241 Écrémeuh Normal 2
56%
#0239 Élekid Électrik 2
56%
#0277 Hélédelle Normal/Vol 3
56%
#0271 Lombre Eau/Plante 3
56%
#0479 Motisma Électrik/Spectre (Électrik/Feu, Électrik/Eau, Électrik/Glace, Électrik/Plante, Électrik/Vol) 4
56%
#0197 Noctali Ténèbres 2
56%
#0061 Têtarte Eau 1
56%
#0191 Tournegrin Plante 2
56%
#0503 Clamiral Eau (Eau/Ténèbres) 5
52%
#0373 Drattak Dragon/Vol 3
52%
#0727 Félinferno Feu/Ténèbres 7
52%
#0653 Feunnec Feu 6
52%
#0281 Kirlia Psy/Fée 3
52%
#0113 Leveinard Normal 1
52%
#0223 Rémoraid Eau 2
52%
#0389 Torterra Plante/Sol 4
52%
#0797 Bamboiselle Acier/Vol 7
48%
#0733 Bazoucan Normal/Vol 7
48%
#0701 Brutalibré Combat/Vol 6
48%
#0601 Cliticlic Acier 5
48%
#0683 Cocotine Fée 6
48%
#0491 Darkrai Ténèbres 4
48%
#0521 Déflaisan Normal/Vol 5
48%
#0709 Désséliande Spectre/Plante 6
48%
#0719 Diancie Roche/Fée 6
48%
#0461 Dimoret Ténèbres/Glace 4
48%
#0587 Emolga Électrik/Vol 5
48%
#0397 Étourvol Normal/Vol 4
48%
#0911 Flâmigator Feu/Spectre 9
48%
#0607 Funécire Spectre/Feu 5
48%
#0487 Giratina Spectre/Dragon 4
48%
#0443 Griknot Dragon/Sol 4
48%
#0499 Grotichon Feu/Combat 5
48%
#0647 Keldeo Eau/Combat 5
48%
#0691 Kravarech Poison/Dragon 6
48%
#0907 Matourgeon Plante/Ténèbres 9
48%
#0307 Méditikka Combat/Psy 3
48%
#0137 Porygon Normal 1
48%
#0643 Reshiram Dragon/Feu 5
48%
#0743 Rubombelle Insecte/Fée 7
48%
#0773 Silvallié Tous 7
48%
#0599 Tic Acier 5
48%
#0757 Tritox Poison/Feu 7
48%
#0193 Yanma Insecte/Vol 2
48%
#0571 Zoroark Ténèbres (Normal/Spectre) 5
48%
#0751 Araqua Eau/Insecte 7
44%
#0769 Bacabouh Spectre/Sol 7
44%
#0811 Badabouin Plante 8
44%
#0641 Boréas Vol 5
44%
#0823 Corvaillus Vol/Acier 8
44%
#0541 Couverdure Insecte/Plante 5
44%
#0557 Crabicoque Insecte/Roche 5
44%
#0859 Grimalin Ténèbres/Fée 8
44%
#0383 Groudon Sol 3
44%
#0821 Minisange Vol 8
44%
#0839 Monthracite Roche/Feu 8
44%
#0593 Moyade Eau/Spectre 5
44%
#0269 Papinox Insecte/Poison 3
44%
#0661 Passerouge Normal/Vol 6
44%
#0311 Posipi Électrik 3
44%
#0337 Séléroc Roche/Psy 3
44%
#0631 Aflamanoir Feu 5
40%
#0509 Chacripan Ténèbres 5
40%
#0547 Farfaduvet Plante/Fée 5
40%
#0883 Hydragla Eau/Glace 8
40%
#0379 Registeel Acier 3
40%
#0659 Sapereau Normal 6
40%
#0563 Tutankafer Spectre 5
40%
#0857 Chapotus Psy/Fée 8
36%
#0739 Crabagarre Combat 7
36%
#0941 Fulgulairo Électrik/Vol 9
36%
#0449 Hippopotas Sol 4
36%
#0991 Hotte-de-Fer Glace/Eau 9
36%
#0619 Kungfouine Combat 5
36%
#0467 Maganon Feu 4
36%
#0809 Melmetal Acier 7
36%
#0877 Morpeko Électrik/Ténèbres 8
36%
#0967 Motorizard Dragon/Normal 9
36%
#0613 Polarhume Glace 5
36%
#0353 Polichombr Spectre 3
36%
#1009 Serpente-Eau Eau/Dragon 9
36%
#0523 Zéblitz Électrik 5
36%
#0347 Anorith Roche/Insecte 3
32%
#0317 Avaltout Poison 3
32%
#0409 Charkos Roche 4
32%
#0673 Chevroum Plante 6
32%
#0463 Coudlangue Normal 4
32%
#0401 Crikzik Insecte 4
32%
#0761 Croquine Plante 7
32%
#0997 Cryodo Dragon/Glace 9
32%
#0827 Goupilou Ténèbres 8
32%
#0919 Lilliterelle Insecte 9
32%
#0617 Limaspeed Insecte 5
32%
#0569 Miasmax Poison 5
32%
#0419 Mustéflot Eau 4
32%
#0929 Olivado Plante/Normal 9
32%
#0233 Porygon2 Normal 2
32%
#0677 Psystigri Psy 6
32%
#0367 Serpang Eau 3
32%
#0829 Tournicoton Plante 8
32%
#0971 Toutombe Spectre 9
32%
#0293 Chuchmur Normal 3
28%
#0853 Krakos Combat 8
28%
#0457 Luminéon Eau 4
28%
#0577 Nucléos Psy 5
28%
#0983 Scalpereur Ténèbres/Acier 9
28%
#0787 Tokotoro Plante/Fée 7
28%
#0349 Barpau Eau 3
24%
#0431 Chaglam Normal 4
24%
#0937 Malvalame Feu/Acier 9
24%
#0313 Muciole Insecte 3
24%
#0977 Oyacata Eau 9
24%
#0947 Virevorreur Plante/Spectre 9
24%
#0359 Absol Ténèbres 3
20%
#0863 Berserkatt Acier 8
20%
#0331 Cacnea Plante 3
20%
#0433 Korillon Psy 4
20%
#0953 Léboulérou Insecte 9
20%
#0421 Ceriflor Plante 4
16%
#0439 Mime Jr. Psy 4
8%
#0881 Galvaga Électrik/Glace 8
0%
#0887 Lanssorien Dragon/Acier 8
0%
#0263 Zigzagon Normal (Ténèbres/Normal) 3
0%
Aucun quiz correspondant
Distribution des résultats
% des personnes avec chaque résultat
Percentile par nombre de réponses
Votre historique - résultats
Vous n’avez pas pris ce quiz